Investigación de operaciones en la ciencia administrativa

Bibliographic Details
Main Authors: Eppen.G.D., Gould, F.J.
Format: Section = Libro
Language:Undetermined
Spanish
Published: México Prentice Hall 2000
Edition:5a.ed.
Subjects:
LEADER 00657nam a2200241Ia 4500
008 241007s9999||||xx |||||||||||||| ||und||
020 |a 970-17-0270-0 
040 |a BIBLIOTECA-RURC/ 658.4034 I62 
041 |a spa 
082 |a 658.4034 I62 
100 1 |a Eppen.G.D. 
100 1 |b  Gould, F.J. 
245 1 0 |a Investigación de operaciones en la ciencia administrativa 
250 |a 5a.ed. 
260 |a México  |b Prentice Hall  |c 2000 
300 |a 702 p. :il. 
650 7 |a INVESTIGACIÓN OPERACIONAL 
650 7 |b  ADMINISTRACIÓN 
650 7 |c  RECURSOS HUMANOS 
650 7 |d  OPERACIÓN - PRODUCCIÓN 
942 |c BK  |2 ddc 
991 |a TEXTO 
999 |c 14557